00492nam a2200181 a 450000100060000000300090000600800410001504000280005608200090008410000260009324500210011926000480014030000090018849000420019765000420023994200120028199900170029321644CO-ViMGA141112s2004 ck r 000 u spa d aCO-ViMGAbspacCO-ViMGA04aBEAi1 aBeal, Kathleen93090610aI love my family aMassachussetts : bAddison - Wesley, c1991 a16p. aA multicultural sing - along big book14aCANCIONES INFANTILES EN INGLES930907 2ddccBK c30213d30213